Designing for safety: the buck stops where? (Record no. 74702)
[ view plain ]
| 000 -LEADER | |
|---|---|
| fixed length control field | 01216cab a2200205 4500 |
| 001 - CONTROL NUMBER | |
| control field | ABS68541 |
| 008 - FIXED-LENGTH DATA ELEMENTS--GENERAL INFORMATION | |
| fixed length control field | 041224n2004 000 0 eng u |
| 035 ## - SYSTEM CONTROL NUMBER | |
| System control number | (Sirsi) u128438 |
| 100 ## - MAIN ENTRY--PERSONAL NAME | |
| Personal name | Whitelaw, J. |
| 245 ## - TITLE STATEMENT | |
| Title | Designing for safety: the buck stops where? |
| 260 ## - PUBLICATION, DISTRIBUTION, ETC. | |
| Date of publication, distribution, etc. | 2004 |
| 490 ## - SERIES STATEMENT | |
| Series statement | New Civil Engineer |
| Volume/sequential designation | 25 November 2004, 24-27(4) |
| 520 ## - SUMMARY, ETC. | |
| Summary, etc. | Looks at new research by the "New Civil Engineer" which shows there is still a great deal of confusion or complacency over what can be achieved and who is responsible for taking the lead. Attitudes to health and safety were examined amongst a sample of designers, contractors and clients. Results showed 87% said designers could do more to boost safety, but only 8% believed most accidents on site were down to poor design. The HSE was thought to be in a position to help designers understand their responsibilities to safety by 72% of the sample. Concludes most accidents cannot be put down to a single cause and are usually a combination of design, site issues and bad luck. Graphs and diagrams. |
| 590 ## - LOCAL NOTE (RLIN) | |
| Local note | ABS |
| 650 ## - SUBJECT ADDED ENTRY--TOPICAL TERM | |
| Topical term or geographic name entry element | SITE ACCIDENTS |
| 650 ## - SUBJECT ADDED ENTRY--TOPICAL TERM | |
| Topical term or geographic name entry element | SITE SAFETY |
| 650 ## - SUBJECT ADDED ENTRY--TOPICAL TERM | |
| Topical term or geographic name entry element | DESIGN ISSUES |
| 690 ## - LOCAL SUBJECT ADDED ENTRY--TOPICAL TERM (OCLC, RLIN) | |
| Topical term or geographic name as entry element | Health and safety |
| 9 (RLIN) | 6244 |
| 942 ## - ADDED ENTRY ELEMENTS (KOHA) | |
| Suppress in OPAC | 0 |
| Withdrawn status | Lost status | Source of classification or shelving scheme | Damaged status | Not for loan | Home library | Current library | Shelving location | Date acquired | Total Checkouts | Full call number | Barcode | Date last seen | Copy number | Price effective from | Koha item type |
|---|---|---|---|---|---|---|---|---|---|---|---|---|---|---|---|
| Dewey Decimal Classification | London | London | Journal article | 24/12/2004 | ABS68541 | 128438-1001 | 06/08/2019 | 1 | 06/08/2019 | Journal article |